000 00623nam a22001937a 4500
003 OSt
005 20260422010802.0
008 260422b |||||||| |||| 00| 0 eng d
020 _a978-1-68251-466-5
040 _aDWCL-Main lib.
_cOC
082 _aCirc. 613.707 E78 2017
110 _a3G E-LEARNING LLC
245 _aEssentials of teaching physical education/
_c3G E-LEARNING LLC
260 _aUSA:
_b3G-E Learning LLC,
_c c2017.
300 _aviii, various pages :
_b illustrations ;
_c 23cm.
504 _aIncludes index
650 _a1. Physical education-- study and teaching
942 _2ddc
_cBK-CIRC
_hCirc.
_n0
999 _c9637
_d9637